01109nam a2200217 a 450000100100000000500170001000800410002702000180006804000250008608200200011110000330013124501250016426000360028930000270032549000730035250001230042550000770054850001370062571000560076283000730081800004671120201002053050.0180320s2015 dr a 000 0 spa d a9789945901030 aDO-SdBNPbspacBNPHU axxxbI37g, 2do.1 aIncháustegui, Maria Isabel10aGuía de estudio del taller 2 :btextos, niveles de escritura y conciencia fonológica /cMaria Isabel Incháustegui. aSanto Domingo :bMINERD,c2015. a20 p. :bil., ;c28cm.1 aDesarrollo profesional docente. Enseñanza de la lengua española. aPolítica de apoyo a los aprendizajes de los primeros grados del nivel primario en lectura, escritura y matemática. aRegional educativa 05 San Pedro de Macorís, 12 Higuey y 17 Monte Plata aA la cabeza del titulo: Desarrollo Profesional Docente. Capacitación de Docentes para la Enseñanza de la Lectura y la Escritura.1 aRepública Dominicana.bMinisterio de Educación. 0aDesarrollo profesional docente. Enseñanza de la lengua española.